Mukta bikhaṅga / (Record no. 54639)
[ view plain ]
| 000 -LEADER | |
|---|---|
| fixed length control field | 00484nam a2200181 i 4500 |
| 001 - CONTROL NUMBER | |
| control field | sa 63002755 |
| 003 - CONTROL NUMBER IDENTIFIER | |
| control field | DLC |
| 005 - DATE AND TIME OF LATEST TRANSACTION | |
| control field | 20260227111936.0 |
| 008 - FIXED-LENGTH DATA ELEMENTS--GENERAL INFORMATION | |
| fixed length control field | 841113s1962 ii 00011 beno |
| 010 ## - LIBRARY OF CONGRESS CONTROL NUMBER | |
| LC control number | sa 63002755 //r84 |
| 050 0# - LIBRARY OF CONGRESS CALL NUMBER | |
| Classification number | PK1730.34.Y26 |
| Item number | M8 |
| 100 10 - MAIN ENTRY--PERSONAL NAME | |
| Personal name | Rāẏa, Biśvanātha, |
| Dates associated with a name | 1931- |
| 245 10 - TITLE STATEMENT | |
| Title | Mukta bikhaṅga / |
| Statement of responsibility, etc. | Biśvanātha Rāẏa. |
| 260 0# - PUBLICATION, DISTRIBUTION, ETC. | |
| Place of publication, distribution, etc. | Kalikātā : |
| Name of publisher, distributor, etc. | Kathākali, |
| Date of publication, distribution, etc. | [1962] |
| 300 ## - PHYSICAL DESCRIPTION | |
| Extent | 188 p. ; |
| Dimensions | 23 cm. |
| 500 ## - GENERAL NOTE | |
| General note | Novel. |
| 500 ## - GENERAL NOTE | |
| General note | In Bengali. |
No items available.